Participación comunitaria y medio ambiente : (Registro nro. 19424)

Detalles MARC
000 -CABECERA
Campo de control 01134cam a2200265 a 4500
005 - FECHA Y HORA DE LA ULTIMA TRANSACCION
Campo de control 20180803170358.0
008 - ELEMENTOS DE LONGITUD FIJA—INFORMACION GENERAL
Campo de control 990728s1997 sp ab r 00010 spa d
022 ## - ISSN
ISSN 0123-2401
040 ## - FUENTE DE CATALOGACIÓN
Agencia catalogadora original la
Agencia transcriptora la
Agencia Modificadora CO-BoIAVH
041 0# - IDIOMA
Código de idioma para texto/pista de sonido o título separado Español
044 ## - PAÍS DE PUBLICACIÓN
País de publicación Colombia
082 04 - NUMERO DE CLASIFICACION DECIMAL DEWEY
Número de clasificación 354.33071
Número del ítem M66m7
111 2# - ASIENTO PRINCIPAL--NOMBRE DE REUNION
Nombre de reunión o de jurisdicción como elemento de entrada Curso Participación Comunitaria y Medio Ambiente
Lugar de la reunión (1997,
Fecha de la reunión Cali)
9 (RLIN) 80575
245 10 - MENCION DE TITULO
Título Participación comunitaria y medio ambiente :
Parte restante del título memorias
260 ## - PUBLICACION, DISTRIBUCION, ETC. (PIE DE IMPRENTA)
Lugar de publicación, distribución, etc. Santafé de Bogotá :
Nombre del editor, distribuidor, etc. Ministerio del Medio Ambiente :
-- ICFES,
Fecha de publicación, distribución, etc. 1997.
300 ## - DESCRIPCION FISICA
Extensión 237 páginas :
Otros detalles físicos ilustraciones y mapas ;
Dimensiones 24 x 17 cm.
490 0# - MENCION DE SERIE
Mención de serie Memorias ;
Designación numérica/secuencial del volumen 12
500 ## - NOTA GENERAL
Nota general En "Proyecto capacitación para profesionales del sector ambiental".
504 ## - NOTA DE BIBLIOGRAFIA, ETC.
Nota de bibliografía Incluye referencias bibliográficas.
650 26 - ASIENTO SECUNDARIO DE MATERIA - TERMINO TEMATICO
Término temático o nombre geográfico como elemento de entrada Protección ambiental
Subdivisión general Participación comunitaria
Subdivisión de forma Congresos, conferencias, etc.
9 (RLIN) 80576
650 26 - ASIENTO SECUNDARIO DE MATERIA - TERMINO TEMATICO
Término temático o nombre geográfico como elemento de entrada Política ambiental
Subdivisión geográfica Colombia
Subdivisión de forma Congresos, conferencias, etc.
9 (RLIN) 80577
710 2# - ASIENTO SECUNDARIO - NOMBRE CORPORATIVO
Nombre corporativo o de jurisdicción como elemento de entrada Instituto Colombiano para el Fomento de la Educación Superior - ICFES
9 (RLIN) 80493
710 1# - ASIENTO SECUNDARIO - NOMBRE CORPORATIVO
Nombre corporativo o de jurisdicción como elemento de entrada Colombia
Unidad subordinada Ministerio del Medio Ambiente
9 (RLIN) 97884
942 ## - ELEMENTOS ADICIONALES (KOHA)
Sistema de clasificación Dewey Decimal Classification
Tipo de ítem Libro
Existencias
Withdrawn status Lost status Sistema de Clasificación Damaged status No para préstamo Colección Inventariado Ubicación Permanente Ubicación actual Fecha de adquisición Fuente de Valor Valor Total Checkouts Número topográfico Inventario / Código de Barras Date last seen Ejemplar Price effective from Forma de adquisición Tipo de material
    Dewey Decimal Classification     General Inventariado 2017 Bogotá Bogotá 23/03/2017 Instituto 39000.00   LB-354.33071 M66m7 008580 23/03/2017 Ej. 1 23/03/2017 Donación Libro